Państwa Europy w roku 1870 na mapie - Statystyki

Ogólne statystyki
  • Ten quiz został rozwiązany 11 306 razy
  • Średni wynik to 23 z 29
Odpowiedzi na mapie
Odpowiedzi zakodowano w zielono-czerwonej skali na mapie do tego quizu, zgodnie z poniższymi procentami.
 
Statystyki odpowiedzi
Countries % Poprawnych
Cesarstwo Rosyjskie
98%
Francja
97%
Hiszpania
97%
Wielka Brytania
97%
Imperium Osmańskie
96%
Norwegia
96%
Szwecja
96%
Włochy
96%
Austro-Węgry
95%
Belgia
95%
Dania
95%
Holandia
95%
Portugalia
95%
Konfederacja Szwajcarska
93%
Grecja
92%
Luksemburg
89%
San Marino
89%
Związek Północnoniemiecki
87%
Andora
85%
Monako
82%
Liechtenstein
81%
Rumunia
80%
Serbia
69%
Czarnogóra
66%
Bawaria
64%
Państwo Kościelne
55%
Wielkie Księstwo Badenii
17%
Hesja
15%
Królestwo Wirtembergii
13%
Nie znaleziono quizów pasujących do podanych kryteriów
Rozkład punktacji
Procent ludzi z każdym wynikiem
Percentyl według liczby udzielonych odpowiedzi
Twoja historia wyników
Nie rozwiązałeś tego quizu